[Event "Wch U16"]
[Site "Al Ain"]
[Date "2013.12.22"]
[Round "6"]
[White "Rimawy, Hosam"]
[Black "Micottis, Dorian"]
[Result "0-1"]
[WhiteElo "1781"]
[BlackElo "2097"]
[PlyCount "32"]
[EventDate "2013.12.18"]
[EventType "swiss"]
[EventRounds "11"]
[EventCountry "UAE"]
[SourceTitle "CBM 158 Extra"]
[Source "ChessBase"]
[SourceDate "2014.02.28"]
[SourceVersion "1"]
[SourceVersionDate "2014.02.28"]
[SourceQuality "1"]

1. e4 c5 2. Nf3 e6 3. d4 cxd4 4. Nxd4 a6 5. Nc3 Qc7 6. Be2 Bb4 7. Bd2 Nf6 8. Bf3 Nc6 9. Nxc6 dxc6 10. 0-0 Bc5 11. Qe2 e5 12. Rfe1 Be6 13. Rad1 b5 14. b4 Bc4 15. Qxc4 bxc4 16. bxc5 0-0 0-1